[Event "Scarborough CC Spring Swiss"]
[Site "Toronto"]
[Date "2007.03.29"]
[Round "3"]
[White "Smith, Maurice"]
[Black "Chuderski, Jan"]
[Result "0-1"]
[WhiteElo "1771"]
[BlackElo "1527"]
[PlyCount "68"]
[EventDate "2007.03.15"]
[EventType "swiss"]
[EventRounds "8"]
[EventCountry "CAN"]
[SourceTitle "EXT 2022"]
[Source "ChessBase"]
[SourceDate "2021.10.06"]
[SourceVersion "1"]
[SourceVersionDate "2021.10.06"]
[SourceQuality "1"]

1. d4 Nf6 2. c4 c6 3. Nc3 d5 4. Nf3 e6 5. Bg5 Be7 6. e3 Nbd7 7. Bd3 h6 8. Bh4 0-0 9. 0-0 Re8 10. Qc2 a6 11. a4 dxc4 12. Bxc4 Nb6 13. Bd3 Nbd5 14. Nxd5 Nxd5 15. Bxe7 Qxe7 16. Ne5 Nb4 17. Qd2 Nxd3 18. Qxd3 Rd8 19. Qc3 Bd7 20. Nxd7 Rxd7 21. Rfd1 Rad8 22. Rd3 Rd5 23. Rad1 Qh4 24. Qe1 e5 25. Qc3 e4 26. R3d2 Rh5 27. h3 Rg5 28. Kf1 Rd6 29. f4 exf3 30. Rf2 fxg2+ 31. Rxg2 Rf6+ 32. Kg1 Rxg2+ 33. Kxg2 Rf2+ 34. Kg1 Qg3+ 0-1

[Event "Scarborough CC-ch reserves"]
[Site "Toronto"]
[Date "2007.02.01"]
[Round "5"]
[White "Chuderski, Jan"]
[Black "Douglas, Steven1111"]
[Result "0-1"]
[WhiteElo "1552"]
[BlackElo "1597"]
[PlyCount "134"]
[EventDate "2007.01.04"]
[EventType "swiss"]
[EventRounds "9"]
[EventCountry "CAN"]
[SourceTitle "EXT 2022"]
[Source "ChessBase"]
[SourceDate "2021.10.06"]
[SourceVersion "1"]
[SourceVersionDate "2021.10.06"]
[SourceQuality "1"]

1. d4 Nf6 2. Bf4 d6 3. h3 g6 4. e3 Bg7 5. c3 0-0 6. Nd2 Nbd7 7. Bd3 c5 8. Ngf3 a6 9. Qc2 b5 10. Ne4 Bb7 11. Nxf6+ Nxf6 12. e4 c4 13. Be2 Bxe4 14. Qc1 Re8 15. 0-0 Nd5 16. Bh6 Qc8 17. Bxg7 Kxg7 18. Ng5 Bf5 19. g4 Bd7 20. Bf3 Bc6 21. Bg2 e5 22. Qd2 h6 23. Ne4 Qd7 24. f3 Nf4 25. Rf2 Rad8 26. Bf1 f5 27. Ng3 Qb7 28. Bg2 Nd3 29. Rff1 Qb6 30. Kh2 exd4 31. gxf5 g5 32. Nh5+ Kf7 33. f4 Rg8 34. Bxc6 Qxc6 35. Qg2 Qxg2+ 36. Kxg2 gxf4+ 37. Kf3 Rg5 38. Nxf4 Rxf5 39. Ke4 Rxf4+ 40. Rxf4+ Nxf4 41. Kxf4 dxc3 42. bxc3 Re8 43. Rf1 Ke6 44. Re1+ Kd7 45. Rd1 Kc6 46. Rd2 Re5 47. h4 a5 48. Rb2 Kc5 49. a3 Re1 50. Ra2 Rc1 51. a4 Rxc3 52. axb5 Kxb5 53. Ke4 Rd3 54. Rb2+ Kc5 55. Ra2 Kb4 56. Rb2+ Rb3 57. Rd2 Rd3 58. Rb2+ Ka3 59. Rb6 a4 60. Rb5 d5+ 61. Ke5 Rd1 62. Kf4 d4 63. Ke4 c3 64. Rb7 c2 65. Rc7 c1Q 66. Rxc1 Rxc1 67. Kxd4 Kb2 0-1